000 00491nam a2200193 a 4500
001 1757513025037
003 ACL
005 20250910193608.0
008 250910s2007##################000#0#eng##
020 _a9780415373173
082 0 4 _a790.1
_bCOL
100 1 _aCollins, Sandra S.,
_eauthor.
245 1 0 _aThe 1940 Tokyo Games :
260 _bSport in the Global Society,
_c2007.
300 _a198 pages
650 0 _aSports & Recreation.
942 _cENGLISH
040 _aACL
_beng
_cACL
999 _c586428
_d586428